[Event "Summer Prague Open 2021 - A"]
[Site "?"]
[Date "2021.08.09"]
[Round "5.9"]
[White "Toman, Ondrej"]
[Black "Mladek, Richard"]
[Result "1-0"]
[BlackElo "2315"]
[WhiteElo "2196"]
[LiveChessVersion "1.4.8"]

1. d4 {[%clk 1:30:58]} d5 {[%clk 1:30:57]} 2. Bf4 {[%clk 1:31:11]} c5
{[%clk 1:31:18]} 3. e3 {[%clk 1:31:33]} Nc6 {[%clk 1:31:42]} 4. Nf3
{[%clk 1:31:48]} Qb6 {[%clk 1:27:16]} 5. Nc3 {[%clk 1:32:13]} cxd4
{[%clk 1:22:39]} 6. exd4 {[%clk 1:32:12]} Bg4 {[%clk 1:19:43]} 7. Nxd5
{[%clk 1:25:16]} Qa5+ {[%clk 1:20:06]} 8. Nc3 {[%clk 1:25:39]} O-O-O
{[%clk 1:15:27]} 9. Be2 {[%clk 1:10:36]} Bxf3 {[%clk 1:04:32]} 10. Bxf3
{[%clk 1:10:08]} Rxd4 {[%clk 1:03:42]} 11. Qc1 {[%clk 1:08:51]} Nf6
{[%clk 0:58:52]} 12. O-O {[%clk 1:06:15]} e5 {[%clk 0:57:02]} 13. Be3
{[%clk 1:03:33]} Rd7 {[%clk 0:50:37]} 14. Rd1 {[%clk 0:58:22]} Nd4
{[%clk 0:48:12]} 15. Bxd4 {[%clk 0:58:13]} exd4 {[%clk 0:48:26]} 16. Ne2
{[%clk 0:51:56]} Qe5 {[%clk 0:45:31]} 17. c3 {[%clk 0:45:15]} dxc3
{[%clk 0:36:06]} 18. Rxd7 {[%clk 0:42:25]} Nxd7 {[%clk 0:36:26]} 19. Qxc3+
{[%clk 0:39:41]} Qxc3 {[%clk 0:35:28]} 20. Nxc3 {[%clk 0:40:04]} Ne5
{[%clk 0:32:52]} 21. Bd5 {[%clk 0:38:15]} Bc5 {[%clk 0:32:13]} 22. Ne4
{[%clk 0:35:42]} Bb6 {[%clk 0:31:05]} 23. Rd1 {[%clk 0:31:06]} Rd8
{[%clk 0:30:06]} 24. Kf1 {[%clk 0:30:05]} Kb8 {[%clk 0:27:12]} 25. h3
{[%clk 0:27:39]} f6 {[%clk 0:22:08]} 26. Nc3 {[%clk 0:20:30]} Rc8
{[%clk 0:20:14]} 27. Bb3 {[%clk 0:16:53]} Ba5 {[%clk 0:13:07]} 28. Ne4
{[%clk 0:14:08]} Bb4 {[%clk 0:05:18]} 29. f4 {[%clk 0:10:56]} Nc6
{[%clk 0:04:52]} 30. Kf2 {[%clk 0:07:54]} Na5 {[%clk 0:04:25]} 31. Be6
{[%clk 0:07:52]} Rc2+ {[%clk 0:04:04]} 32. Kf3 {[%clk 0:08:14]} Nc6
{[%clk 0:03:34]} 33. a3 {[%clk 0:07:58]} Be7 {[%clk 0:03:01]} 34. b4
{[%clk 0:07:47]} Nd8 {[%clk 0:02:00]} 35. Bb3 {[%clk 0:06:42]} Rb2
{[%clk 0:01:37]} 36. Rd3 {[%clk 0:07:10]} Nc6 {[%clk 0:01:42]} 37. Bd5
{[%clk 0:06:03]} Kc7 {[%clk 0:01:07]} 38. Nc3 {[%clk 0:03:57]} Nd8
{[%clk 0:01:00]} 39. Be4 {[%clk 0:03:30]} Bf8 {[%clk 0:00:33]} 40. Nd5+
{[%clk 0:03:29]} Kc6 {[%clk 0:00:31]} 41. Nxf6+ {[%clk 0:02:20]} Kb6
{[%clk 0:28:52]} 42. Nd7+ {[%clk 0:32:39]} 1-0

[Event "Summer Prague Open 2021 - A"]
[Site "?"]
[Date "2021.08.09"]
[Round "5.10"]
[White "Both, Erik"]
[Black "Nguyen, Alex Dac-Vuong"]
[Result "0-1"]
[BlackElo "2290"]
[WhiteElo "2178"]
[LiveChessVersion "1.4.8"]

1. e4 {[%clk 1:30:58]} e6 {[%clk 1:30:56]} 2. d4 {[%clk 1:31:23]} d5
{[%clk 1:31:21]} 3. e5 {[%clk 1:31:43]} c5 {[%clk 1:31:47]} 4. c3
{[%clk 1:32:09]} Nc6 {[%clk 1:32:13]} 5. Nf3 {[%clk 1:32:35]} Bd7
{[%clk 1:32:38]} 6. Bd3 {[%clk 1:32:59]} cxd4 {[%clk 1:33:03]} 7. cxd4
{[%clk 1:33:24]} Qb6 {[%clk 1:33:29]} 8. O-O {[%clk 1:33:47]} Nxd4
{[%clk 1:33:26]} 9. Nbd2 {[%clk 1:34:05]} Nxf3+ {[%clk 1:08:39]} 10. Nxf3
{[%clk 1:34:03]} Rc8 {[%clk 1:09:05]} 11. Ng5 {[%clk 1:23:21]} Be7
{[%clk 1:06:37]} 12. Qh5 {[%clk 1:19:45]} Nh6 {[%clk 0:52:14]} 13. Nxh7
{[%clk 0:53:35]} Qd4 {[%clk 0:50:41]} 14. Rd1 {[%clk 0:44:05]} Qg4
{[%clk 0:45:23]} 15. Qxg4 {[%clk 0:33:56]} Nxg4 {[%clk 0:45:17]} 16. Bg5
{[%clk 0:23:26]} Nxe5 {[%clk 0:44:17]} 17. Bxe7 {[%clk 0:23:12]} Kxe7
{[%clk 0:44:45]} 18. Ng5 {[%clk 0:23:17]} f6 {[%clk 0:40:22]} 19. Nh3
{[%clk 0:23:10]} Nf3+ {[%clk 0:39:21]} 20. gxf3 {[%clk 0:15:05]} Rxh3
{[%clk 0:39:45]} 21. Kg2 {[%clk 0:15:20]} Rch8 {[%clk 0:39:40]} 22. Rh1
{[%clk 0:15:39]} R3h4 {[%clk 0:39:38]} 23. Rae1 {[%clk 0:13:50]} Kd6
{[%clk 0:39:46]} 24. a3 {[%clk 0:13:42]} Bc6 {[%clk 0:38:00]} 25. b4
{[%clk 0:11:23]} b6 {[%clk 0:38:22]} 26. Rc1 {[%clk 0:11:04]} g5 {[%clk 0:37:39]}
27. h3 {[%clk 0:09:56]} Bd7 {[%clk 0:37:52]} 0-1

[Event "Summer Prague Open 2021 - A"]
[Site "?"]
[Date "2021.08.09"]
[Round "5.11"]
[White "Schirm, Friedmar"]
[Black "Gloser, David"]
[Result "0-1"]
[BlackElo "2164"]
[WhiteElo "2268"]
[LiveChessVersion "1.4.8"]

1. Nf3 {[%clk 1:30:52]} g6 {[%clk 1:30:53]} 2. c4 {[%clk 1:28:38]} Bg7
{[%clk 1:31:13]} 3. d4 {[%clk 1:29:03]} Nf6 {[%clk 1:31:12]} 4. Nc3
{[%clk 1:29:25]} d5 {[%clk 1:31:10]} 5. cxd5 {[%clk 1:29:03]} Nxd5
{[%clk 1:31:28]} 6. g3 {[%clk 1:29:21]} O-O {[%clk 1:26:46]} 7. Bg2
{[%clk 1:28:26]} Nb6 {[%clk 1:26:29]} 8. O-O {[%clk 1:26:52]} Nc6
{[%clk 1:24:48]} 9. d5 {[%clk 1:27:04]} Na5 {[%clk 1:17:31]} 10. Qc2
{[%clk 1:26:05]} e6 {[%clk 1:11:33]} 11. dxe6 {[%clk 1:16:48]} Bxe6
{[%clk 1:11:07]} 12. Rd1 {[%clk 1:12:18]} Qe7 {[%clk 1:06:47]} 13. Nd4
{[%clk 1:12:35]} Bd7 {[%clk 0:58:55]} 14. Bf4 {[%clk 1:05:13]} Qc5
{[%clk 0:51:10]} 15. Qd3 {[%clk 0:59:53]} Nac4 {[%clk 0:46:42]} 16. Ne4
{[%clk 0:57:39]} Qh5 {[%clk 0:42:49]} 17. Qc2 {[%clk 0:54:27]} c5
{[%clk 0:38:45]} 18. Bf3 {[%clk 0:54:32]} Bg4 {[%clk 0:37:38]} 19. Bxg4
{[%clk 0:54:57]} Qxg4 {[%clk 0:38:03]} 20. Nxc5 {[%clk 0:55:12]} g5
{[%clk 0:37:17]} 21. f3 {[%clk 0:54:26]} Qc8 {[%clk 0:36:36]} 22. Nf5
{[%clk 0:41:41]} Qxc5+ {[%clk 0:34:06]} 23. Be3 {[%clk 0:42:02]} Qb4
{[%clk 0:30:29]} 24. Bd4 {[%clk 0:38:36]} Bxd4+ {[%clk 0:29:44]} 25. Rxd4
{[%clk 0:34:32]} Qxb2 {[%clk 0:29:29]} 26. Qd1 {[%clk 0:31:54]} Rfe8
{[%clk 0:27:26]} 27. e4 {[%clk 0:32:15]} Qa3 {[%clk 0:27:17]} 28. Rxc4
{[%clk 0:31:37]} Nxc4 {[%clk 0:27:04]} 29. Qd5 {[%clk 0:26:45]} Ne5
{[%clk 0:25:13]} 30. f4 {[%clk 0:25:18]} Rad8 {[%clk 0:23:45]} 31. Qxb7
{[%clk 0:25:38]} Qc5+ {[%clk 0:21:42]} 32. Kh1 {[%clk 0:26:01]} Qc6
{[%clk 0:21:27]} 33. Qb4 {[%clk 0:24:30]} a5 {[%clk 0:21:11]} 34. Qe1
{[%clk 0:21:52]} Nd3 {[%clk 0:21:21]} 35. Qxa5 {[%clk 0:21:56]} Qxe4+
{[%clk 0:20:09]} 36. Kg1 {[%clk 0:22:19]} Rd5 {[%clk 0:18:30]} 37. Nh6+
{[%clk 0:22:36]} Kg7 {[%clk 0:18:03]} 38. Qc3+ {[%clk 0:22:42]} Kxh6
{[%clk 0:17:13]} 39. Qf6+ {[%clk 0:22:38]} Qg6 {[%clk 0:17:14]} 40. fxg5+
{[%clk 0:22:40]} Rxg5 {[%clk 0:17:11]} 0-1

[Event "Summer Prague Open 2021 - A"]
[Site "?"]
[Date "2021.08.09"]
[Round "5.12"]
[White "Kvaloy, Aksel Bu"]
[Black "Neukirchner, Pascal"]
[Result "0-1"]
[BlackElo "2266"]
[WhiteElo "2126"]
[LiveChessVersion "1.4.8"]

1. e4 {[%clk 1:30:55]} c5 {[%clk 1:30:36]} 2. Nf3 {[%clk 1:31:20]} Nc6
{[%clk 1:30:47]} 3. Bb5 {[%clk 1:31:43]} g6 {[%clk 1:30:42]} 4. O-O
{[%clk 1:32:03]} Bg7 {[%clk 1:31:06]} 5. c3 {[%clk 1:31:51]} Nf6 {[%clk 1:31:21]}
6. Re1 {[%clk 1:32:04]} O-O {[%clk 1:31:34]} 7. d4 {[%clk 1:31:56]} d5
{[%clk 1:31:44]} 8. e5 {[%clk 1:32:10]} Ne4 {[%clk 1:32:08]} 9. Be3
{[%clk 1:32:33]} Qb6 {[%clk 1:31:31]} 10. Bxc6 {[%clk 1:32:41]} bxc6
{[%clk 1:31:36]} 11. Qc1 {[%clk 1:32:16]} cxd4 {[%clk 1:31:49]} 12. cxd4
{[%clk 1:32:37]} a5 {[%clk 1:30:14]} 13. Nfd2 {[%clk 1:32:28]} Nxd2
{[%clk 1:29:47]} 14. Nxd2 {[%clk 1:32:27]} a4 {[%clk 1:28:07]} 15. Qc3
{[%clk 1:32:20]} Bf5 {[%clk 1:27:55]} 16. Bf4 {[%clk 1:17:45]} Rfb8
{[%clk 1:06:44]} 17. b3 {[%clk 1:08:10]} Qb4 {[%clk 1:04:41]} 18. Rec1
{[%clk 1:04:27]} Qxc3 {[%clk 0:58:48]} 19. Rxc3 {[%clk 1:04:34]} Rb4
{[%clk 0:59:08]} 20. Be3 {[%clk 0:43:13]} c5 {[%clk 0:56:18]} 21. a3
{[%clk 0:41:40]} cxd4 {[%clk 0:54:24]} 22. axb4 {[%clk 0:42:00]} dxc3
{[%clk 0:54:48]} 23. Nf3 {[%clk 0:42:19]} a3 {[%clk 0:54:01]} 24. b5
{[%clk 0:40:06]} a2 {[%clk 0:46:09]} 25. b6 {[%clk 0:37:20]} Bb1 {[%clk 0:46:27]}
0-1

[Event "Summer Prague Open 2021 - A"]
[Site "?"]
[Date "2021.08.09"]
[Round "5.13"]
[White "Taborsky, Rostislav"]
[Black "Froeyman, Helmut"]
[Result "0-1"]
[BlackElo "2260"]
[WhiteElo "2090"]
[LiveChessVersion "1.4.8"]

1. d4 {[%clk 1:24:24]} f5 {[%clk 1:30:53]} 2. g3 {[%clk 1:24:41]} Nf6
{[%clk 1:31:16]} 3. Bg2 {[%clk 1:25:05]} e6 {[%clk 1:31:39]} 4. Nf3
{[%clk 1:25:27]} d5 {[%clk 1:31:43]} 5. O-O {[%clk 1:25:17]} Bd6 {[%clk 1:31:58]}
6. c4 {[%clk 1:25:36]} c6 {[%clk 1:32:21]} 7. Nc3 {[%clk 1:26:01]} O-O
{[%clk 1:32:26]} 8. Qc2 {[%clk 1:26:28]} Ne4 {[%clk 1:25:42]} 9. Rb1
{[%clk 1:25:55]} Nd7 {[%clk 1:18:42]} 10. b4 {[%clk 1:24:16]} b6 {[%clk 1:16:17]}
11. cxd5 {[%clk 0:55:03]} cxd5 {[%clk 1:03:47]} 12. Na4 {[%clk 0:25:22]} Qe7
{[%clk 0:55:09]} 13. Qb3 {[%clk 0:23:44]} Bb7 {[%clk 0:52:27]} 14. Bf4
{[%clk 0:23:44]} Bxf4 {[%clk 0:40:20]} 15. gxf4 {[%clk 0:24:09]} Rfc8
{[%clk 0:40:25]} 16. Rfc1 {[%clk 0:24:09]} Qd6 {[%clk 0:30:36]} 17. e3
{[%clk 0:24:25]} Rc7 {[%clk 0:29:07]} 18. Bf1 {[%clk 0:19:13]} Rac8
{[%clk 0:26:34]} 19. Rxc7 {[%clk 0:19:20]} Rxc7 {[%clk 0:23:54]} 20. Bd3
{[%clk 0:17:08]} Qe7 {[%clk 0:20:29]} 21. Kf1 {[%clk 0:11:02]} h6
{[%clk 0:17:23]} 22. h4 {[%clk 0:07:30]} Kh7 {[%clk 0:17:04]} 23. Ke2
{[%clk 0:07:28]} Qd8 {[%clk 0:16:43]} 24. Rh1 {[%clk 0:06:53]} Qc8
{[%clk 0:12:38]} 25. Qb2 {[%clk 0:01:08]} Bc6 {[%clk 0:10:27]} 26. b5
{[%clk 0:01:19]} Bxb5 {[%clk 0:06:13]} 27. Qxb5 {[%clk 0:01:29]} Rc2+
{[%clk 0:06:35]} 28. Kf1 {[%clk 0:00:34]} Rxf2+ {[%clk 0:06:50]} 29. Kg1
{[%clk 0:00:56]} Qc1+ {[%clk 0:06:10]} 30. Bf1 {[%clk 0:01:24]} Qxe3
{[%clk 0:04:28]} 0-1

[Event "Summer Prague Open 2021 - A"]
[Site "?"]
[Date "2021.08.09"]
[Round "5.14"]
[White "Ouaki, Mark"]
[Black "Hartge, Gedeon"]
[Result "1/2-1/2"]
[BlackElo "2254"]
[WhiteElo "2081"]
[LiveChessVersion "1.4.8"]

1. e4 {[%clk 1:30:52]} c6 {[%clk 1:30:54]} 2. d4 {[%clk 1:31:15]} d5
{[%clk 1:31:20]} 3. exd5 {[%clk 1:31:39]} cxd5 {[%clk 1:31:44]} 4. c4
{[%clk 1:32:03]} Nf6 {[%clk 1:32:06]} 5. Nc3 {[%clk 1:32:15]} g6 {[%clk 1:32:31]}
6. c5 {[%clk 1:31:59]} Bg7 {[%clk 1:31:42]} 7. Bb5+ {[%clk 1:14:45]} Bd7
{[%clk 1:19:21]} 8. Bxd7+ {[%clk 1:13:54]} Qxd7 {[%clk 1:19:38]} 9. Nf3
{[%clk 1:13:12]} Nc6 {[%clk 1:12:42]} 10. O-O {[%clk 1:09:06]} Ne4
{[%clk 1:05:59]} 11. Be3 {[%clk 0:48:59]} O-O {[%clk 1:02:34]} 12. Rb1
{[%clk 0:47:28]} Rad8 {[%clk 0:55:38]} 13. Ne2 {[%clk 0:43:04]} Na5
{[%clk 0:33:25]} 14. Ng3 {[%clk 0:28:11]} b6 {[%clk 0:29:11]} 15. Nxe4
{[%clk 0:20:53]} dxe4 {[%clk 0:29:35]} 16. Ne5 {[%clk 0:21:16]} Qd5
{[%clk 0:10:48]} 17. b4 {[%clk 0:17:53]} bxc5 {[%clk 0:10:38]} 18. bxa5
{[%clk 0:16:58]} cxd4 {[%clk 0:11:00]} 19. Qxd4 {[%clk 0:16:11]} Bxe5
{[%clk 0:07:03]} 20. Qxa7 {[%clk 0:16:07]} Rd7 {[%clk 0:06:17]} 21. Qc5
{[%clk 0:14:22]} Ra8 {[%clk 0:05:40]} 22. Rb5 {[%clk 0:12:07]} Qxc5
{[%clk 0:05:29]} 23. Bxc5 {[%clk 0:11:17]} Bc3 {[%clk 0:04:44]} 24. Bb6
{[%clk 0:08:01]} Rd2 {[%clk 0:05:07]} 25. a3 {[%clk 0:06:42]} Ra2
{[%clk 0:04:41]} 26. Bc5 {[%clk 0:07:06]} Rxa5 {[%clk 0:01:34]} 27. Rxa5
{[%clk 0:07:30]} Bxa5 {[%clk 0:02:01]} 28. Bxe7 {[%clk 0:07:52]} Bb6
{[%clk 0:02:20]} 29. Bf6 {[%clk 0:04:48]} h6 {[%clk 0:01:38]} 30. h4
{[%clk 0:04:22]} Rxa3 {[%clk 0:00:44]} 31. Rc1 {[%clk 0:03:45]} Ra8
{[%clk 0:01:10]} 32. Rc4 {[%clk 0:03:24]} Re8 {[%clk 0:01:19]} 33. Bd4
{[%clk 0:03:13]} Bxd4 {[%clk 0:01:27]} 34. Rxd4 {[%clk 0:03:38]} Kg7
{[%clk 0:01:47]} 35. Kf1 {[%clk 0:02:53]} Kf6 {[%clk 0:01:35]} 36. Ke2
{[%clk 0:03:10]} Ke5 {[%clk 0:01:19]} 37. Rd7 {[%clk 0:03:15]} Ke6
{[%clk 0:01:16]} 38. Rd4 {[%clk 0:03:19]} Ke5 {[%clk 0:01:41]} 39. Rd7
{[%clk 0:03:44]} Ke6 {[%clk 0:00:59]} 40. Rd4 {[%clk 0:04:03]} f5
{[%clk 0:01:00]} 41. Ra4 {[%clk 0:03:00]} Ke5 {[%clk 0:26:11]} 42. g3
{[%clk 0:32:30]} Rd8 {[%clk 0:23:41]} 43. Ra5+ {[%clk 0:32:09]} Rd5
{[%clk 0:23:54]} 44. Ra6 {[%clk 0:32:32]} Rd6 {[%clk 0:24:19]} 45. Ra8
{[%clk 0:31:44]} g5 {[%clk 0:22:34]} 46. hxg5 hxg5 {[%clk 0:23:00]} 47. Rg8
{[%clk 0:31:49]} Kf6 {[%clk 0:23:12]} 48. Re8 {[%clk 0:30:49]} Re6
{[%clk 0:22:45]} 49. Rg8 {[%clk 0:30:53]} Re7 {[%clk 0:22:00]} 50. Ke3
{[%clk 0:30:19]} Ra7 {[%clk 0:21:40]} 51. Re8 {[%clk 0:29:49]} Ra3+
{[%clk 0:17:07]} 52. Ke2 {[%clk 0:30:12]} Ra4 {[%clk 0:16:22]} 53. Rg8
{[%clk 0:30:06]} f4 {[%clk 0:14:43]} 54. gxf4 {[%clk 0:30:08]} gxf4
{[%clk 0:15:11]} 55. Rf8+ {[%clk 0:29:38]} Ke5 {[%clk 0:15:06]} 56. Re8+
{[%clk 0:29:45]} Kd6 {[%clk 0:15:03]} 57. Rf8 {[%clk 0:29:34]} Ra2+
{[%clk 0:15:26]} 58. Ke1 {[%clk 0:29:56]} Ke5 {[%clk 0:15:44]} 59. Re8+
{[%clk 0:29:46]} Kf5 {[%clk 0:16:05]} 60. Rg8 {[%clk 0:29:18]} Ra1+
{[%clk 0:13:31]} 61. Kd2 {[%clk 0:28:51]} Ra5 {[%clk 0:09:47]} 62. Ke1
{[%clk 0:26:04]} Ra2 {[%clk 0:10:11]} 63. Rg7 {[%clk 0:25:57]} Ra6
{[%clk 0:08:50]} 64. Kd2 {[%clk 0:25:50]} Rg6 {[%clk 0:08:10]} 65. Rh7
{[%clk 0:25:04]} Rg2 {[%clk 0:05:56]} 66. Ke1 {[%clk 0:25:18]} Rg1+
{[%clk 0:04:45]} 67. Kd2 {[%clk 0:24:05]} Rb1 {[%clk 0:04:21]} 68. Rg7
{[%clk 0:24:21]} Rb2+ {[%clk 0:04:28]} 69. Ke1 {[%clk 0:24:27]} f3
{[%clk 0:04:19]} 70. Rf7+ {[%clk 0:24:29]} Ke6 {[%clk 0:04:43]} 71. Rf8
{[%clk 0:24:31]} Re2+ {[%clk 0:03:37]} 72. Kf1 {[%clk 0:24:55]} Ra2
{[%clk 0:04:03]} 73. Ke1 {[%clk 0:25:19]} Re2+ {[%clk 0:03:47]} 74. Kf1
{[%clk 0:25:43]} Kd5 {[%clk 0:03:52]} 75. Rd8+ {[%clk 0:25:54]} Kc4
{[%clk 0:04:13]} 76. Rc8+ {[%clk 0:25:40]} Kd3 {[%clk 0:04:38]} 77. Rd8+
{[%clk 0:26:04]} Kc2 {[%clk 0:05:04]} 78. Rc8+ {[%clk 0:23:39]} Kd1
{[%clk 0:05:28]} 79. Rd8+ {[%clk 0:24:00]} Rd2 {[%clk 0:05:52]} 80. Re8
{[%clk 0:23:16]} Rd4 {[%clk 0:05:11]} 81. Re7 {[%clk 0:23:15]} Kc2
{[%clk 0:05:35]} 82. Rc7+ {[%clk 0:23:32]} Kd3 {[%clk 0:05:31]} 83. Ke1
{[%clk 0:23:23]} Ra4 {[%clk 0:04:39]} 84. Rd7+ {[%clk 0:23:45]} Kc4
{[%clk 0:05:03]} 85. Kd2 {[%clk 0:20:38]} Ra3 {[%clk 0:04:22]} 86. Rc7+
{[%clk 0:20:52]} Kd5 {[%clk 0:04:47]} 87. Rd7+ {[%clk 0:20:41]} Ke6
{[%clk 0:05:01]} 88. Rd8 {[%clk 0:20:31]} Kf5 {[%clk 0:05:13]} 89. Rg8
{[%clk 0:18:24]} Kf4 {[%clk 0:04:44]} 90. Ke1 {[%clk 0:17:10]} Ra1+
{[%clk 0:04:33]} 91. Kd2 {[%clk 0:17:35]} Rf1 {[%clk 0:02:06]} 92. Rf8+
{[%clk 0:18:00]} Ke5 {[%clk 0:02:10]} 93. Re8+ {[%clk 0:18:24]} Kd5
{[%clk 0:02:37]} 94. Rd8+ {[%clk 0:17:25]} Kc6 {[%clk 0:03:03]} 95. Ke3
{[%clk 0:17:39]} Re1+ {[%clk 0:03:28]} 96. Kf4 {[%clk 0:17:54]} Re2
{[%clk 0:03:17]} 97. Rd4 {[%clk 0:17:47]} e3 {[%clk 0:02:43]} 98. Kxf3
{[%clk 0:17:53]} Rxf2+ {[%clk 0:03:08]} 99. Kxe3 {[%clk 0:18:17]} Rf6 1/2-1/2

[Event "Summer Prague Open 2021 - A"]
[Site "Olympik hotel, Sokolovska 138,"]
[Date "2021.08.09"]
[Round "5.15"]
[White "Heyne, Lukas"]
[Black "Gimenez Menchon, Cesar"]
[Result "1-0"]
[WhiteElo "2062"]
[BlackElo "2246"]
[PlyCount "73"]
[EventDate "2021.08.06"]

1. d4 d5 2. Bf4 Nf6 3. e3 c5 4. c3 Nc6 5. Nd2 e6 6. Ngf3 Bd6 7. Bg3 O-O 8. Bd3
b6 9. Qe2 Qc7 10. dxc5 bxc5 11. e4 Ne5 12. Nxe5 Bxe5 13. exd5 Bxg3 14. hxg3
exd5 15. Bxh7+ Nxh7 16. Qh5 Re8+ 17. Kf1 Ba6+ 18. c4 Qe5 19. Qxh7+ Kf8 20. Qh8+
Ke7 21. Qh5 Kd6 22. Kg1 d4 23. b4 g6 24. bxc5+ Kxc5 25. Qf3 Bxc4 26. Qa3+ Kc6
27. Nf3 Qe7 28. Qa4+ Kc5 29. Rc1 Qe2 30. Rh4 Rad8 31. Qxa7+ Kb4 32. Rb1+ Kc3
33. Qa3+ Kc2 34. Qb2+ Kd3 35. Rxd4+ Rxd4 36. Qxd4+ Kc2 37. Rb2+ 1-0

[Event "Summer Prague Open 2021 - A"]
[Site "Olympik hotel, Sokolovska 138,"]
[Date "2021.08.09"]
[Round "5.16"]
[White "Gorny, Michael"]
[Black "Humburg, Philipp"]
[Result "0-1"]
[WhiteElo "2008"]
[BlackElo "2245"]
[PlyCount "104"]
[EventDate "2021.08.06"]

1. e4 d5 2. exd5 Qxd5 3. Nc3 Qd6 4. d4 Nf6 5. Nf3 a6 6. Ne5 Nc6 7. Bf4 Nxd4 8.
Bc4 Be6 9. Nxf7 Qxf4 10. Bxe6 Nxe6 11. Nxh8 Rd8 12. Qc1 g5 13. O-O Qxc1 14.
Raxc1 Bg7 15. Rfe1 Rd6 16. Ng6 hxg6 17. Nd1 Nd5 18. a3 Nd4 19. f3 Nf4 20. Kf1
Nf5 21. g3 Nd5 22. c3 Nb6 23. Re2 Nc4 24. Nf2 Rb6 25. Nd3 Bf6 26. Kf2 Kf7 27.
Rcc2 a5 28. Re4 Nfd6 29. Re1 Rb5 30. Ke2 Rd5 31. a4 Nf5 32. Rcc1 Rd6 33. Rc2
Rb6 34. Kf2 Rd6 35. Ke2 Nfe3 36. Rcc1 Nd5 37. Rb1 Nxb2 38. Rxb2 Nxc3+ 39. Kd2
Nxa4 40. Rc2 Nb2 41. Rxb2 Bxb2 42. Rb1 Bd4 43. Rxb7 Bb6 44. f4 gxf4 45. gxf4
Rd8 46. Kc3 Ke6 47. Ne5 Kd5 48. Nxg6 Kc6 49. Rxb6+ cxb6 50. f5 Kd6 51. h4 Rc8+
52. Kd4 a4 0-1

[Event "Summer Prague Open 2021 - A"]
[Site "Olympik hotel, Sokolovska 138,"]
[Date "2021.08.09"]
[Round "5.17"]
[White "Novotny, David"]
[Black "Djidjeli, Sofiane"]
[Result "1/2-1/2"]
[WhiteElo "1923"]
[BlackElo "2223"]
[PlyCount "62"]
[EventDate "2021.08.06"]

1. e4 c6 2. d4 d5 3. e5 c5 4. c3 Nc6 5. Nf3 Bg4 6. Nbd2 e6 7. Be2 Bxf3 8. Nxf3
cxd4 9. cxd4 Bb4+ 10. Bd2 Qa5 11. Bxb4 Qxb4+ 12. Qd2 Qxd2+ 13. Kxd2 Nge7 14.
Bb5 O-O 15. Bxc6 Nxc6 16. Rac1 f6 17. Ke3 Rac8 18. exf6 gxf6 19. Rhd1 Rfd8 20.
Nh4 Rd7 21. f4 Rdc7 22. Rc3 e5 23. Nf5 Nxd4 24. Ne7+ Rxe7 25. Rxc8+ Kg7 26.
fxe5 fxe5 27. Rxd4 exd4+ 28. Kxd4 Re2 29. Rc7+ Kg6 30. Rxb7 Rxg2 31. h3 Rd2+
1/2-1/2

[Event "Summer Prague Open 2021 - A"]
[Site "Olympik hotel, Sokolovska 138,"]
[Date "2021.08.09"]
[Round "5.18"]
[White "Stillger, Bernhard"]
[Black "Kozak, Milos"]
[Result "1-0"]
[WhiteElo "2255"]
[BlackElo "2103"]
[PlyCount "79"]
[EventDate "2021.08.06"]

1. Nf3 Nf6 2. g3 e6 3. Bg2 d5 4. d4 b5 5. O-O c5 6. a4 b4 7. c4 bxc3 8. Nxc3
Nbd7 9. Bf4 a6 10. e4 Bb7 11. e5 Ng8 12. a5 Ne7 13. dxc5 Nxc5 14. b4 Nd7 15.
Re1 Nc8 16. Bg5 Be7 17. Bxe7 Qxe7 18. Rb1 O-O 19. Nd4 Na7 20. f4 Nc6 21. Nxc6
Bxc6 22. Ne2 Bb5 23. Nd4 Bc4 24. Qd2 g6 25. Re3 Rfc8 26. g4 Rab8 27. f5 exf5
28. e6 fxe6 29. Rxe6 Qg7 30. Nc6 Rxc6 31. Rxc6 Nf6 32. Qf4 Re8 33. Rc7 Qf8 34.
gxf5 Nh5 35. Qf3 Qxf5 36. Qxf5 gxf5 37. Bf1 Re4 38. Bxc4 dxc4 39. b5 Rg4+ 40.
Kf2 1-0

[Event "Summer Prague Open 2021 - A"]
[Site "Olympik hotel, Sokolovska 138,"]
[Date "2021.08.09"]
[Round "5.19"]
[White "von Zimmermann, Georg"]
[Black "Pallas, Sebastian"]
[Result "1/2-1/2"]
[WhiteElo "2094"]
[BlackElo "2249"]
[PlyCount "51"]
[EventDate "2021.08.06"]

1. d4 Nf6 2. Bf4 g6 3. Nc3 d5 4. e3 c6 5. h4 h6 6. Nf3 Bg7 7. Ne5 Nbd7 8. Qd2
Nf8 9. O-O-O Bd7 10. e4 Qa5 11. Nxd7 N6xd7 12. exd5 cxd5 13. Kb1 Ne6 14. Be3
Nf6 15. Be2 h5 16. f3 O-O-O 17. g4 Kb8 18. Bf2 Ka8 19. Rhe1 Rc8 20. g5 Ne8 21.
Nb5 Qxd2 22. Rxd2 N6c7 23. Nxc7+ Nxc7 24. Bg3 e6 25. Be5 Rhg8 26. c4 1/2-1/2

[Event "Summer Prague Open 2021 - A"]
[Site "Olympik hotel, Sokolovska 138,"]
[Date "2021.08.09"]
[Round "5.20"]
[White "Mueer, Sebastian"]
[Black "Staszko, Martin"]
[Result "1-0"]
[WhiteElo "2246"]
[BlackElo "2072"]
[PlyCount "91"]
[EventDate "2021.08.06"]

1. Nf3 c5 2. c4 Nc6 3. Nc3 e5 4. g3 g6 5. Bg2 Bg7 6. a3 d6 7. O-O Nge7 8. b4
Be6 9. Ng5 Bxc4 10. d3 cxb4 11. axb4 e4 12. Bb2 Be6 13. Nxe6 fxe6 14. b5 Nd4
15. Nxe4 O-O 16. Rb1 Qb6 17. e3 Ndf5 18. d4 Rfe8 19. Qb3 d5 20. Nc5 Rad8 21.
Rfc1 Kh8 22. Na4 Qd6 23. Ba3 Qb8 24. Nc5 Nc8 25. Bb4 Nb6 26. Ba5 Nd6 27. Bh3
Nf5 28. Qb4 Bf8 29. Qb2 Bg7 30. Qa2 Rc8 31. Bf1 h5 32. Bd3 Kg8 33. Bxb6 axb6
34. Nxe6 Rxc1+ 35. Rxc1 Rxe6 36. Qxd5 Qd6 37. Bc4 Qxd5 38. Bxd5 Kf7 39. Rc7+
Ne7 40. Rxb7 Kf6 41. Bxe6 Kxe6 42. Kf1 Kd6 43. Ke2 Bf8 44. Rxb6+ Kc7 45. Rf6
Bh6 46. f4 1-0

[Event "Summer Prague Open 2021 - A"]
[Site "Olympik hotel, Sokolovska 138,"]
[Date "2021.08.09"]
[Round "5.21"]
[White "Jedlicka, Ales"]
[Black "Witte, Ronald"]
[Result "1-0"]
[WhiteElo "2209"]
[BlackElo "2049"]
[PlyCount "95"]
[EventDate "2021.08.06"]

1. d4 Nf6 2. c4 e6 3. g3 d5 4. Nf3 Be7 5. Bg2 O-O 6. O-O dxc4 7. Qc2 a6 8. Qxc4
b5 9. Qc2 Bb7 10. Bf4 Bd6 11. Nbd2 Bxf4 12. gxf4 Qd6 13. e3 Nbd7 14. Rac1 Rac8
15. Nb3 Be4 16. Qe2 c5 17. dxc5 Nxc5 18. Rfd1 Qb6 19. Nxc5 Rxc5 20. Ne5 Bxg2
21. Kxg2 Rfc8 22. Rxc5 Qxc5 23. Qf3 Qc7 24. Rd3 Kf8 25. Rc3 Qb8 26. Rc6 Qb7 27.
Rd6 Qa7 28. Qd1 Qb7+ 29. Qf3 Qa7 30. b3 a5 31. Rc6 Qb7 32. Rxc8+ Qxc8 33. a4
bxa4 34. bxa4 Nd5 35. Qe4 Qb7 36. Kg3 g6 37. Qd4 Qb1 38. Qc5+ Kg7 39. Qd4 Qg1+
40. Kf3 Nf6 41. Qa7 Qd1+ 42. Kg2 Qd5+ 43. Kh3 Ng8 44. Qxf7+ Kh8 45. Qf8 h5 46.
Nxg6+ Kh7 47. Qf7+ Kh6 48. Ne5 1-0

[Event "Summer Prague Open 2021 - A"]
[Site "Olympik hotel, Sokolovska 138,"]
[Date "2021.08.09"]
[Round "5.22"]
[White "Gnojek, Petr"]
[Black "Jirousek, Jan"]
[Result "1-0"]
[WhiteElo "2205"]
[BlackElo "2030"]
[PlyCount "78"]
[EventDate "2021.08.06"]

1. d4 Nf6 2. c4 e6 3. Nc3 Bb4 4. Qc2 d6 5. Nf3 O-O 6. Bg5 Nbd7 7. e3 b6 8. Be2
Bb7 9. O-O h6 10. Bh4 Bxc3 11. Qxc3 g5 12. Bg3 Ne4 13. Qc2 f5 14. Nd2 Ndf6 15.
f3 Nxd2 16. Qxd2 Rf7 17. Qc2 Qe7 18. Bd3 Kh8 19. Rae1 Nh5 20. Bf2 Ng7 21. b4
Rd8 22. e4 f4 23. c5 dxc5 24. bxc5 bxc5 25. dxc5 Bc6 26. Bc4 Rff8 27. Qc3 e5
28. Rd1 Ra8 29. Bd5 Bb5 30. Bxa8 Rxa8 31. Rfe1 Bc6 32. Rd3 a6 33. Qb2 Kh7 34.
Rb3 Ra7 35. Rb8 Ne8 36. Rd1 Kg7 37. Rdd8 h5 38. Rxe8 Bxe8 39. c6 Qb4 1-0